[Event "XXX Torre Memorial 2018"]
[Site "Merida"]
[Date "2018.12.15"]
[Round "3"]
[White "Gonzalez Zamora, Juan Carlos"]
[Black "Ordaz Valdes, Lisandra Teresa"]
[Result "0-1"]
[WhiteElo "2538"]
[BlackElo "2397"]
[Annotator "TA"]
[PlyCount "96"]
[EventDate "2018.12.15"]
[EventType "swiss"]
[EventCountry "MEX"]
[SourceTitle "playchess.com"]
[Source "ChessBase"]
[SourceQuality "1"]

{[%evp 12,96,43,25,30,14,27,0,0,-8,-3,-4,-12,-43,-8,-12,-10,-14,-12,-22,-20,-36,-28,-47,0,-16,31,-82,0,-11,-5,0,35,35,91,41,42,53,96,39,41,27,45,0,0,0,0,-91,0,0,0,0,0,0,22,-7,0,0,20,30,220,243,239,219,295,285,295,232,242,243,234,185,174,179,157,0,0,-200,-187,-234,-232,-560,-539,-646,-632,-1250,-1202]} 1. c4 e6 2. Nc3 d5 3. d4 a6 4. cxd5 exd5 5. Bf4 c6 6. e3 {D31: Queen's Gambit Declined: Semi-Slav without ...Nf6 (+ Marshall Gambit and Noteboom) and Exchange Variation lines without ...Nf6} Bd6 7. Nge2 {LiveBook: 3 Games} Ne7 8. h4 $146 {White has an edge.} ({Predecessor:} 8. Bxd6 Qxd6 9. Nf4 O-O 10. Bd3 Bf5 11. O-O Nd7 12. Qc2 Bxd3 13. Nxd3 {0-1 (48) Tahay,R (2052)-Landa,K (2617) Escaldes 2017}) 8... Be6 9. h5 h6 10. Rg1 Bg4 11. Bxd6 Qxd6 12. Qb3 b5 13. Nf4 Nd7 14. f3 Be6 15. g4 c5 16. Nce2 c4 17. Qc2 Nc6 18. Qd2 Nf6 19. Ng3 (19. g5 $14 hxg5 20. Rxg5) 19... O-O-O (19... O-O $17) 20. Be2 $11 Rhe8 21. Kf2 Rg8 22. b3 Kb7 (22... Kd7 $14) 23. a4 b4 24. bxc4 dxc4 25. Rab1 (25. Rac1 $6 c3 $15) (25. Nxe6 $16 Qxe6 26. Rgc1) 25... Ka7 $1 $14 26. Nxe6 Qxe6 27. Rgc1 c3 28. Qd3 Ne5 $1 {[%cal Re5d3]} 29. Qd1 (29. Qc2 $11 Nc4 30. Qb3 (30. Rxb4 Qxe3+ 31. Kg2 Nd2 $15)) 29... Nc6 (29... Rge8 $1 $17 {Hoping for ...Nexg4+!} 30. Nf1 a5) 30. Qd3 $36 {[%mdl 2048] Black is under pressure.} Ne5 $1 {[%cal Re5d3]} 31. Qf5 Qxf5 32. Nxf5 Nc6 33. Bc4 Rd7 34. e4 {Black must now prevent d5.} Nxd4 35. Rxb4 {Threatens to win with Bxf7!} Rc8 $2 {[#]} (35... a5 $11 36. Rbb1 Nxf5 37. gxf5 Rc7 38. Rxc3 Rgc8) 36. Bxa6 $1 $18 {[%mdl 512]} Kxa6 37. Nxd4 Rc5 38. Ke3 Nh7 39. Nb3 Rc6 40. Rb5 Rdc7 41. Rb8 c2 42. Nd4 Rc3+ 43. Kf4 $2 (43. Ke2 $16) 43... Ng5 {And now ...R7c4 would win.} 44. Rb5 $2 {[#]} (44. Rb2 $11 {and White stays safe.}) 44... R7c4 $1 $19 {[%cal Rc4d4]} 45. Rd5 {[#] If White can now play Rd6+ this consolidates a bit.} Rd3 $1 {[%cal Rd3d4]} 46. Rd6+ $2 (46. Rxc2 {nothing else works.} Rcxd4 47. Rxd4 Ne6+ 48. Kg3 Nxd4 49. Rf2) 46... Kb7 {Black is clearly winning.} 47. Rxc2 Rxc2 48. a5 {[#] White wants to play Rb6+.} Rxd4 $1 {Precision: White = 33%, Black = 47%.} 0-1

[Event "XXX Torre Memorial 2018"]
[Site "Merida"]
[Date "2018.12.15"]
[Round "3"]
[White "Quesada Perez, Yasser"]
[Black "Hernandez Sanchez, Jairo Andres"]
[Result "1-0"]
[WhiteElo "2528"]
[BlackElo "2388"]
[Annotator "TA"]
[PlyCount "89"]
[EventDate "2018.12.15"]
[EventType "swiss"]
[EventCountry "MEX"]
[SourceTitle "playchess.com"]
[Source "ChessBase"]
[SourceQuality "1"]

{[%evp 23,89,75,64,43,56,56,58,54,61,49,54,18,11,3,1,-46,-30,-15,-13,-13,0,-51,-69,-68,-3,-3,-16,-47,-15,-11,-11,-13,-17,-7,10,12,12,20,93,93,118,114,103,74,86,81,74,71,88,88,349,331,658,672,672,668,672,666,633,556,548,535,526,518,650,620,1416,1289]} 1. e4 c5 2. Nc3 g6 3. d4 Bg7 4. d5 d6 5. h3 Nf6 6. Nf3 O-O 7. Bd3 Na6 8. O-O {A43: Schmid Benoni} Nc7 9. a4 b6 10. Bf4 Bb7 11. Bc4 a6 (11... Qd7 12. Qe2 Rad8 13. Rad1 Qc8 14. Rfe1 Rfe8 15. Nb5 Nh5 16. Bc1 Qb8 17. Nxc7 Qxc7 18. e5 dxe5 19. Nxe5 {1-0 (34) Moranda,W (2599)-Brodowski,P (2434) Zgierz 2018}) 12. Qd3 Nd7 {LiveBook: 3 Games} 13. Qd2 $146 ({Predecessor:} 13. Rad1 Qe8 14. Rfe1 f6 15. Bh2 Ne5 16. Nxe5 fxe5 17. Rb1 a5 18. Rf1 g5 {½-½ (31) Bronowicki,M (2326)-Brodowski,P (2424) Ustron 2008}) 13... Ne5 14. Nxe5 dxe5 15. Bh6 Qd6 16. Bxg7 Kxg7 17. f4 exf4 18. Rxf4 Qe5 19. Ra3 Rad8 20. Rb3 Rd6 21. Rf2 Ne6 22. Qd3 ({Better is} 22. Ra3 $11) 22... Nd4 $15 23. Ra3 e6 ({Black should play} 23... f5 $15) 24. Ra1 $11 exd5 25. Bxd5 Bc8 26. Raf1 {[%cal Rf2f7]} f5 27. exf5 Bxf5 28. Qxa6 Rxd5 29. Nxd5 Qxd5 30. c3 $36 {[%mdl 2048] White is more active.} Nb3 (30... Ne6 $1 $11 {keeps the balance.}) 31. Qxb6 $16 Nd2 32. Re1 Rf7 33. Qb8 Ne4 34. Rfe2 c4 35. Kh2 h5 {[#]} 36. a5 $1 {[%cal Ba4a5,Ba5a6][%mdl 544]} h4 $2 {[%mdl 8192]} (36... Qxa5 $16 {keeps fighting.} 37. Rxe4 Bxe4 38. Rxe4 Qc5) 37. a6 $18 Qc5 $2 (37... Rf6 38. Ra1 Rd6 39. Qc7+ (39. a7 Qe5+ 40. Kg1 Qc5+ 41. Kh1 Ng3+ {[%mdl 64] Double Attack} 42. Kh2 Nxe2 $11) 39... Rd7) 38. Rxe4 {White is clearly winning.} Bxe4 39. Rxe4 {[%mdl 4096] Endgame KQR-KQR} Rf1 {[%csl Gf1][%cal Rc5g1] [#]} 40. Qe5+ Qxe5+ 41. Rxe5 Ra1 42. Re4 Rxa6 43. Rxc4 Ra2 44. b4 {[%cal Bb2b4,Bb4b5][%mdl 32]} g5 45. b5 {Accuracy: White = 65%, Black = 30%.} 1-0

[Event "XXX Torre Memorial 2018"]
[Site "Merida"]
[Date "2018.12.15"]
[Round "3"]
[White "Ortiz Suarez, Isan Reynaldo"]
[Black "Ruiz Sanchez, Orlen"]
[Result "1/2-1/2"]
[WhiteElo "2514"]
[BlackElo "2385"]
[Annotator "TA"]
[PlyCount "70"]
[EventDate "2018.12.15"]
[EventType "swiss"]
[EventCountry "MEX"]
[SourceTitle "playchess.com"]
[Source "ChessBase"]
[SourceQuality "1"]

{[%evp 34,70,10,10,8,7,8,10,10,0,14,0,22,6,35,0,0,0,0,0,0,0,0,0,0,0,0,0,0,0,0,0,0,0,0,0,0,0,0]} 1. e4 c5 2. Nf3 d6 3. d4 cxd4 4. Nxd4 Nf6 5. Nc3 Nc6 6. Bg5 e6 7. Qd2 a6 8. O-O-O Bd7 9. f4 Be7 10. Nf3 b5 11. Bxf6 gxf6 12. Kb1 Qb6 13. f5 O-O-O 14. g3 Kb8 15. fxe6 fxe6 16. Bh3 Na5 {B69: Sicilian: Richter-Rauzer: 7...a6 8 0-0-0 Bd7 9 f4 Be7 10 Nf3 b5 11 Bxf6} 17. Nd4 (17. Rhe1 b4 18. Ne2 e5 19. Bxd7 Rxd7 20. Qd5 Rc8 21. b3 Rdc7 22. Rd2 Nc6 23. Nh4 Na7 24. Nf5 {0-1 (60) Le,Q (2715)-Gupta,A (2588) Douglas 2018}) 17... b4 18. Nce2 {[%cal Bc3e2,Be2c1,Bc1b3,Bb3d2][%mdl 32] LiveBook: 3 Games} e5 19. Bxd7 Rxd7 20. Nf5 Nc4 21. Qd3 Rc8 22. Nc1 $146 ({Predecessor:} 22. Rhf1 Na3+ 23. bxa3 Rc3 24. Qd5 bxa3+ {1-0 (32) Konguvel,P (2325)-Subhayan,K (2093) Ahmedabad 2018}) 22... Bf8 23. Nb3 Rdc7 24. Nd2 Nxb2 {The position is equal.} 25. Kxb2 Rc3 26. Qd5 R3c5 $1 {[%cal Rc5d5]} 27. Qd3 {[#] aiming for Nb3.} Rc3 28. Qd5 {And now Rc1 would win.} R3c5 $1 {[%cal Rc5d5]} 29. Qb3 {Black must now prevent Rc1.} Rc3 30. Qa4 {Strongly threatening Ka1.} Ra3 $1 {[%cal Ra3a4]} 31. Qd7 {[#] Hoping for Kb1.} Qa5 (31... Qc5 $5 32. Rc1 $8 Qa5 $11) 32. Ra1 $1 (32. Nb3 {gets mated.} Rxa2+ 33. Kb1 Qa3 34. Qb7+ Kxb7 35. Nxd6+ Bxd6 36. Nc5+ Rxc5 37. Rxd6 Qb2#) 32... Qc5 {[%csl Gc8][%cal Rc5c2]} 33. Rac1 Qa5 34. Ra1 $1 (34. Nxd6 $2 {is a self mate.} Rxa2+ 35. Kb1 Ra1+ 36. Kb2 Qa3#) 34... Qc5 {[%csl Gc8][%cal Rc5c2]} 35. Rac1 {Threatens to win with Nb3.} Qa5 {Accuracy: White = 63%, Black = 87%.} 1/2-1/2

[Event "XXX Torre Memorial 2018"]
[Site "Merida"]
[Date "2018.12.15"]
[Round "3"]
[White "Quesada Perez, Luis Ernesto"]
[Black "Perez Garcia, Alejandro"]
[Result "1-0"]
[WhiteElo "2510"]
[BlackElo "2341"]
[Annotator "TA"]
[PlyCount "45"]
[EventDate "2018.12.15"]
[EventType "swiss"]
[EventCountry "MEX"]
[SourceTitle "playchess.com"]
[Source "ChessBase"]
[SourceQuality "1"]

{[%evp 28,45,22,27,29,32,81,81,231,222,477,469,466,468,591,568,675,671,658,609]} 1. d4 d5 2. c4 c6 3. Nc3 Nf6 4. e3 e6 5. Nf3 Be7 6. Bd3 dxc4 7. Bxc4 c5 8. O-O cxd4 9. exd4 O-O 10. Re1 Nc6 11. a3 b6 {D26: Queen's Gambit Accepted: 4 e3 e6 5 Bxc5 c5 sidelines} 12. d5 exd5 13. Nxd5 Nxd5 14. Qxd5 Bb7 15. Qh5 {[#] LiveBook: 3 Games. aiming for Bg5.} Qd6 16. Bg5 {Threatens to win with Rad1.} Bf6 $146 ({Predecessor:} 16... Bxg5 17. Nxg5 Qg6 18. Qxg6 hxg6 19. Rad1 {1-0 (18) Le Roux,J (2552)-Schmitt,M (1928) Rouen 2016}) 17. Rad1 Qc5 (17... Nd4 $16 {was worth a try.} 18. Bxf6 Bxf3) 18. Bd5 $18 g6 $2 (18... Bd4) 19. Qh4 {White is clearly winning.} Bg7 20. Be3 Qa5 21. b4 Qxa3 22. Ng5 {[%csl Gg5][%cal Rh4h7] [#]} h5 23. Qe4 1-0

[Event "XXX Torre Memorial 2018"]
[Site "Merida"]
[Date "2018.12.15"]
[Round "3"]
[White "Ibarra Chami, Luis Fernando"]
[Black "Albornoz Cabrera, Carlos Daniel"]
[Result "0-1"]
[WhiteElo "2434"]
[BlackElo "2559"]
[Annotator "TA"]
[PlyCount "98"]
[EventDate "2018.12.15"]
[EventType "swiss"]
[EventCountry "MEX"]
[SourceTitle "playchess.com"]
[Source "ChessBase"]
[SourceQuality "1"]

{[%evp 17,98,23,34,31,43,6,78,60,47,15,39,6,19,27,10,23,67,66,73,51,39,14,28,26,56,49,24,0,0,0,0,0,0,0,0,0,20,-16,0,0,0,0,52,0,0,0,69,0,0,0,0,0,0,0,0,-16,0,0,0,0,0,-19,-20,-39,-29,-102,-87,-83,-76,-73,-56,-85,-85,-86,-86,-154,-149,-173,-106,-435,-431,-511,-497]} 1. e4 c5 2. Nf3 d6 3. Bb5+ Nc6 4. Bxc6+ bxc6 5. O-O Bg4 6. h3 Bh5 {B51: Sicilian: Moscow Variation (3 Bb5+) without 3...Bd7} 7. e5 e6 8. exd6 Bxd6 9. d3 Nf6 {LiveBook: 10 Games} 10. Qe2 $146 ({Predecessor:} 10. Nbd2 O-O 11. Qe2 Nd5 12. Ne4 Bc7 13. c4 Nb4 14. Rd1 Bxf3 15. gxf3 {½-½ (39) Rublevsky,S (2688)-Bu,X (2676) Ningbo 2010}) 10... Nd5 11. Nbd2 Nb4 (11... O-O $11) 12. Nc4 $16 O-O 13. c3 Nd5 14. Nxd6 Qxd6 15. Qe5 Qxe5 16. Nxe5 Rfc8 17. Re1 Rc7 {[#]} 18. g4 $1 {[%cal Rg4h5]} Bg6 $1 19. a4 Re8 20. a5 f6 21. Nxg6 hxg6 22. Ra4 Rb7 $1 23. a6 Rb6 24. Ree4 Kf7 25. Ra5 Rb5 26. Rea4 Reb8 27. Kf1 Rxa5 28. Rxa5 $11 {[%mdl 4096] Endgame KRB-KRN} Rb5 29. Ra3 Nc7 (29... Rb8 $11) 30. Be3 (30. c4 $14 Rb6 31. Be3) 30... Nd5 31. Bc1 $1 {[#] Black must now prevent c4.} Rb6 ({Better is} 31... Nc7 $11) 32. Ke1 (32. c4 $14) 32... Ke7 33. Kd1 Kd6 34. Ra5 e5 35. Kc2 Rb5 36. Ra4 g5 37. b3 Rb8 38. Ba3 Nb6 39. Re4 Nd7 40. Re3 Kd5 41. d4 (41. Re1 $11) 41... cxd4 $17 42. cxd4 Rb6 ({Reject} 42... exd4 $6 43. Re7 $11) 43. dxe5 Nxe5 44. Bf8 Rxa6 45. Kb1 g6 46. Bg7 ({White should try} 46. Rc3) 46... c5 47. Re1 Ke6 (47... Nd3 $19 48. Rd1 c4) 48. h4 $2 {[%mdl 8192]} (48. Bh6 $17 {is more resistant.}) 48... Kf7 $19 49. Bxf6 Nf3 {[%mdl 64] Double Attack. Accuracy: White = 46%, Black = 65%.} ({Not} 49... Kxf6 50. hxg5+ Kxg5 51. Rxe5+ Kxg4 52. Rxc5 $15) 0-1

[Event "XXX Torre Memorial 2018"]
[Site "Merida"]
[Date "2018.12.15"]
[Round "3"]
[White "Valdes Romero, Leonardo"]
[Black "Vorontsov, Pavlo"]
[Result "1/2-1/2"]
[WhiteElo "2406"]
[BlackElo "2548"]
[Annotator "TA"]
[PlyCount "62"]
[EventDate "2018.12.15"]
[EventType "swiss"]
[EventCountry "MEX"]
[SourceTitle "playchess.com"]
[Source "ChessBase"]
[SourceQuality "1"]

{[%evp 22,62,0,-5,16,-2,-8,-20,29,21,20,22,30,14,55,59,76,83,70,22,52,15,17,19,44,43,38,45,77,71,76,81,69,30,86,39,39,9,29,-9,0,0,-2]} 1. Nf3 d5 2. g3 c6 3. Bg2 Bf5 4. O-O e6 5. d3 Nf6 6. Nbd2 h6 7. Qe1 Be7 8. e4 Bh7 9. Ne5 {A07: Réti Opening: New York and Capablanca Systems} (9. Qe2 O-O 10. Re1 a5 11. a4 Na6 12. Nb3 dxe4 13. dxe4 Bxe4 14. Be3 Nb4 15. Red1 Qc8 16. c3 Nc2 17. Rac1 Nxe3 18. Qxe3 Qc7 {0-1 (39) Hasangatin,R (2505)-Alekseev,E (2636) Sochi 2016}) 9... Nbd7 10. Nxd7 Nxd7 11. Qe2 O-O 12. f4 {LiveBook: 9 Games} dxe4 13. dxe4 Qb6+ 14. Kh1 Nc5 $146 ({Predecessor:} 14... a5 15. Nc4 Qa6 16. Re1 Bc5 {½-½ (27) Junker,C (2064)-Grimm,J (1939) Hofheim 2014}) 15. Nc4 {[%cal Bd2c4,Bc4e5,Be5g4][%mdl 32]} Qa6 16. b3 b5 17. Ne5 f6 18. Ng4 b4 19. Qxa6 Nxa6 20. Bb2 h5 21. Nf2 Nc5 22. Rfe1 Rfd8 23. Re2 a5 24. e5 Rac8 25. exf6 Bxf6 26. Bxf6 gxf6 27. Bf3 Bg6 (27... h4 $11 {keeps the balance.}) 28. Rae1 Rd4 29. Kg1 Kf7 30. Ne4 Bxe4 31. Bxe4 Nxe4 {Accuracy: White = 42%, Black = 48%.} 1/2-1/2

[Event "XXX Torre Memorial 2018"]
[Site "Merida"]
[Date "2018.12.15"]
[Round "3"]
[White "Valdes Romero, Leonardo"]
[Black "Vorontsov, Pavlo"]
[Result "*"]
[WhiteElo "2406"]
[BlackElo "2548"]
[Annotator "TA"]
[PlyCount "23"]
[EventDate "2018.12.15"]
[EventType "swiss"]
[EventCountry "MEX"]
[SourceTitle "playchess.com"]
[Source "ChessBase"]
[SourceQuality "1"]

{[%evp 1,1,17]} 1. Nf3 {Predecessor:} d5 $146 2. Nc3 Nf6 3. d4 e6 4. Bf4 a6 5. e3 c5 6. Bd3 cxd4 7. exd4 Nc6 8. O-O Be7 9. Ne2 Nb4 10. c3 Nxd3 11. Qxd3 O-O 12. Ne5 {½-½ (39) Mamedyarov,S (2801)-Giri,A (2782) chess.com INT 2018} *

[Event "XXX Torre Memorial 2018"]
[Site "Merida"]
[Date "2018.12.16"]
[Round "4"]
[White "Bok, Benjamin"]
[Black "Quesada Perez, Luis Ernesto"]
[Result "1-0"]
[WhiteElo "2643"]
[BlackElo "2510"]
[Annotator "TA"]
[PlyCount "161"]
[EventDate "2018.12.15"]
[EventType "swiss"]
[EventCountry "MEX"]
[SourceTitle "playchess.com"]
[Source "ChessBase"]
[SourceQuality "1"]

{[%evp 20,161,4,0,0,0,0,0,-3,9,16,23,16,15,24,14,14,15,18,18,25,18,18,16,16,16,16,14,18,20,22,16,26,26,29,29,33,26,39,25,25,25,25,25,25,25,25,25,25,17,25,0,0,0,0,0,0,0,0,0,21,21,21,21,21,21,24,24,111,111,111,111,34,34,132,132,132,132,156,0,16,16,16,16,16,0,7,0,0,0,7,0,16,16,16,10,10,0,7,7,17,8,34,17,135,129,120,97,183,97,97,97,97,97,97,97,90,90,124,121,822,715,646,157,593,157,4137,2663,2853,2747,986,690,637,583,604,451,616,627,1583,1387,29966,29970,29967,12787]} 1. c4 e5 2. g3 Nc6 3. Bg2 g6 4. Nc3 Bg7 5. d3 d6 6. e4 Be6 7. Nge2 Qd7 8. Nd5 Nce7 9. d4 c6 {A26: English Opening vs King's Indian with ...Nc6 and d3} 10. Nxe7 Nxe7 11. d5 {LiveBook: 10 Games} cxd5 {The position is equal.} 12. cxd5 Bh3 $1 {[%cal Rh3g2]} 13. O-O Bxg2 14. Kxg2 O-O 15. f3 f5 16. Nc3 {[#]} h5 $146 ({Predecessor:} 16... b5 17. Bd2 {1-0 (46) Sher,M (2485)-Mestel,A (2505) Hastings 1990}) 17. Qa4 Qxa4 18. Nxa4 Rfc8 19. Bg5 Kf7 20. Rac1 Rxc1 21. Rxc1 {Threatens to win with Rc7.} Rc8 $1 22. Rxc8 Nxc8 $11 {[%mdl 4096] Endgame KBN-KBN} 23. Kf2 Bf6 24. Be3 Bd8 25. Ke2 fxe4 26. fxe4 a6 27. b3 Ke8 28. Kf3 Ba5 29. g4 hxg4+ 30. Kxg4 b5 31. Nb2 Ne7 32. Nd3 Ng8 33. Bg5 Kf7 34. h4 Bc3 35. h5 Kg7 36. Nc1 Bb4 37. Ne2 Be1 38. Ng1 Bf2 39. Nf3 Bc5 40. hxg6 Kxg6 41. Nh4+ Kf7 42. Kf5 Bf2 43. Nf3 Bb6 (43... Bc5 $11) 44. Ne1 $1 $16 Ba5 45. Nd3 Bc3 (45... Ne7+ $16 46. Kg4 Ng8) 46. a4 $14 Ba5 (46... bxa4 $14 47. bxa4 Ne7+ 48. Kg4 Ng8) 47. axb5 $16 axb5 48. Nc1 $1 Bb4 49. Nd3 ({White should try} 49. Na2 $16 Be1 50. Kg4) 49... Ba5 $11 50. Nf2 Be1 51. Ng4 Bc3 52. Bd8 Bb4 53. Bh4 Bd2 54. Bd8 Bb4 55. Bg5 Bc3 56. Nh2 Ba5 57. Nf3 Bc3 58. Kg4 Bb4 59. Nh4 Bc5 60. Nf5 Bb4 61. Kf3 Ke8 (61... Nf6 $11) 62. Ke2 $1 $16 Kd7 63. Kd3 Ke8 (63... Ba5 $16 {was called for.}) 64. Kc2 (64. Ne3 $1 $18) 64... Kd7 65. Kc1 Kc7 66. Kd1 Kd7 67. Kc2 Kc7 68. Kd3 Kd7 69. Ne3 $1 Kc7 $2 {[%mdl 8192]} (69... Ba3 $16) 70. Nc2 $1 $18 Bc5 {[#]} 71. Ke2 $2 (71. b4 $1 $18 {and the rest is easy.}) 71... Kb7 $2 {[#]} (71... b4 $16 {is tougher.} 72. Kd3 Kd7) 72. Kf3 $2 (72. b4 $1 $18 {is the precise move to win.}) 72... Kc8 $2 (72... b4 $16 73. Bd2 Nf6 74. Nxb4 Kb6) 73. b4 {[%cal Bb3b4,Bb4b5,Bb5b6,Bb6b7][%mdl 32]} Bb6 74. Na3 Bd8 75. Be3 Nf6 76. Nxb5 Ne8 77. Na3 Kd7 78. b5 Nc7 79. b6 Ne8 80. b7 Kc7 {[#]} 81. Bb6+ $1 {[%mdl 512] Accuracy: White = 63%, Black = 43%.} 1-0

[Event "XXX Torre Memorial 2018"]
[Site "Merida"]
[Date "2018.12.16"]
[Round "4"]
[White "Albornoz Cabrera, Carlos Daniel"]
[Black "Quesada Perez, Yasser"]
[Result "1-0"]
[WhiteElo "2559"]
[BlackElo "2528"]
[Annotator "TA"]
[PlyCount "161"]
[EventDate "2018.12.15"]
[EventType "swiss"]
[EventCountry "MEX"]
[SourceTitle "playchess.com"]
[Source "ChessBase"]
[SourceQuality "1"]

{[%evp 17,161,38,59,7,1,8,15,20,31,-27,-6,-30,-27,-43,-38,-70,-85,-108,-19,-43,0,-17,23,30,27,14,28,0,32,0,0,0,-13,-58,0,0,0,0,50,45,74,45,46,0,0,0,114,0,0,0,0,-28,0,0,0,25,0,0,0,0,0,12,71,90,96,103,229,219,331,304,370,330,392,356,413,400,497,497,497,482,497,423,456,461,494,493,495,495,575,497,497,497,497,497,497,494,870,818,730,494,494,0,488,490,490,490,491,476,475,472,456,443,448,448,439,421,465,433,427,379,493,489,950,950,909,887,1035,991,1429,1025,1260,742,2272,2359,2064,1930,29970,29972,29966,5097,5089,5089,29974,29975,29971,29972]} 1. e4 c5 2. Nf3 e6 3. d4 cxd4 4. Nxd4 Nc6 5. Nc3 Qc7 6. Be3 a6 7. Qf3 {B48: Sicilian: Taimanov: 5 Nc3 Qc7 6 Be3 a6 without Be2} Nf6 8. O-O-O h5 9. Nxc6 dxc6 {LiveBook: 9 Games} 10. Bg5 $146 ({White should try} 10. Be2 $14) ({Predecessor:} 10. h3 b5 11. e5 Nd5 12. Nxd5 exd5 13. Bd3 Be6 14. Rhe1 Qxe5 {½-½ (70) Zherebukh,Y (2633)-Ganguly,S (2657) Saint Louis 2018}) 10... e5 $11 11. Be2 Be7 12. Qe3 b5 13. Bxf6 ({Better is} 13. Kb1 $14) 13... gxf6 14. Qg3 Kf8 15. Kb1 Be6 16. Qe3 Qa5 17. b3 Bb4 (17... Qb4 $17 18. Rd3 a5) 18. Rd3 Qc7 19. Rhd1 Qe7 20. f4 Bc5 21. Qd2 {f5 is the strong threat.} Bd4 22. f5 Bc8 (22... Bd7 {looks sharper.} 23. Rh3 h4 24. Qe1 a5 25. Rdd3 Qb4) 23. Bf3 (23. Rh3 $5 {[%cal Rh3h5]}) 23... b4 $1 {[%cal Rb4c3]} 24. Rxd4 exd4 25. Ne2 c5 (25... Ra7 $1 $15) 26. e5 $36 {[%mdl 2048] White fights for an advantage.} Ra7 $1 27. e6 $1 Bb7 28. Nf4 Bxf3 29. gxf3 {Black must now prevent exf7.} Qd6 30. exf7 Kxf7 31. Ng6 Raa8 (31... Rg8 $11) 32. Qe2 (32. Nxh8+ $16 Rxh8 33. f4) 32... Rhe8 33. Qc4+ Kg7 34. f4 Ra7 {Threatens to win with ...Kh6.} 35. Rg1 Kh6 {[#] aiming for ...Rg7.} 36. Ne5 $1 {[%mdl 512]} fxe5 37. Rg6+ {[#]} Qxg6 $1 38. fxg6 exf4 {And now ...f3 would win.} 39. Qxc5 {[%mdl 4096] Endgame KQ-KRR} Rg7 {[#]} (39... Re1+ $11 {remains equal.} 40. Kb2 Rae7) 40. Qf5 $1 $16 Re1+ 41. Kb2 Rf1 (41... Rxg6 $16 42. Qxf4+ {[%mdl 64] Double Attack} Kh7) 42. Qd3 $18 {[%mdl 64] Double Attack} Rg1 (42... Re1 {was necessary.} 43. Qxd4 {[%mdl 64] Double Attack} Rf1) 43. Qxd4 {[%mdl 64] Double Attack} R7xg6 44. Qxf4+ Kh7 45. Qxb4 R1g2 46. h4 R2g4 47. Qe7+ Rg7 48. Qf6 R7g6 49. Qf2 Kg7 50. Qa7+ Kh6 51. Qe7 Rg7 52. Qf6+ Kh7 53. a4 R7g6 54. Qf7+ Kh6 55. Qe7 Rf4 56. Qd8 {[%cal Rd8h8]} Rgg4 (56... Kg7 $142 57. Qc7+ Rf7) 57. Qd6+ Kg7 58. Qc7+ Kg6 59. Qd6+ $2 (59. c4 $18) 59... Rf6 $2 {[%mdl 8192]} (59... Kg7 $1 $11 {and Black has nothing to worry.} 60. Qxa6 Rf6 61. Qb7+ Kh6) 60. Qd3+ Kg7 61. Qd7+ Kg6 62. Qe8+ Kh6 63. Qe3+ Kg6 64. Qe1 Kf5 65. a5 Re4 66. Qf2+ Kg6 67. Qg3+ Rg4 68. Qe1 Rff4 69. Qe8+ Rf7 (69... Kg7 $142 70. Qxh5 Rg6) 70. Qg8+ Kf6 71. Qc8 Rxh4 72. Qxa6+ Kg7 73. Qd6 Rhf4 74. Qe5+ Kg6 75. a6 R4f6 76. Qe4+ Kg7 77. Qd4 Rf8 78. a7 (78. b4 $142 Kg6 79. a7 Rf5 80. Qe4 h4 81. Qxh4 Rc8 82. Qe4 Kf6 83. a8=Q Rxa8 84. Qxa8) 78... Rh8 79. Qe5 Ra8 80. Qg5+ Rg6 81. Qd5 {Accuracy: White = 59%, Black = 34%.} 1-0

[Event "XXX Torre Memorial 2018"]
[Site "Merida"]
[Date "2018.12.16"]
[Round "4"]
[White "Vorontsov, Pavlo"]
[Black "Obregon Rivero, Juan Carlos"]
[Result "1-0"]
[WhiteElo "2548"]
[BlackElo "2482"]
[Annotator "TA"]
[PlyCount "89"]
[EventDate "2018.12.15"]
[EventType "swiss"]
[EventCountry "MEX"]
[SourceTitle "playchess.com"]
[Source "ChessBase"]
[SourceQuality "1"]

{[%evp 13,89,58,73,54,64,50,62,34,33,20,32,39,138,32,40,10,28,-20,97,104,73,78,151,156,237,233,246,241,241,233,227,165,142,134,207,142,142,137,135,145,128,138,133,130,135,123,139,138,161,170,164,168,166,162,217,211,242,235,419,422,404,387,366,412,409,402,423,395,388,400,381,365,653,657,715,715,712,710]} 1. e4 d5 2. exd5 Nf6 3. d4 Nxd5 4. Nf3 Bf5 5. Nh4 Bc8 6. c4 {[%cal Bc2c4,Bc4c5][%mdl 32]} Nb6 7. Nf3 Bf5 {LiveBook: 3 Games. B01: Scandinavian Defence} (7... g6 8. c5 Nd5 9. Bc4 Bg7 10. Qb3 c6 11. Nc3 O-O 12. O-O Nxc3 13. bxc3 b5 14. cxb6 axb6 15. Re1 b5 16. Bd3 Nd7 17. Ba3 Bf6 18. Nd2 Re8 19. Ne4 Bg7 20. Ng5 e6 21. Ne4 Nf6 22. Bc5 Nxe4 23. Bxe4 {1-0 (50) Perunovic,M (2696)-Roganovic,M (2524) Belgrade 2014}) 8. Qb3 a5 $146 ({Predecessor:} 8... e5 9. dxe5 Nc6 10. a3 Nd4 11. Nxd4 Qxd4 12. Qe3 O-O-O 13. Qxd4 Rxd4 14. Nd2 Nd7 15. Nf3 {1-0 (35) Hoerhammer,S-Peltomaa,E Finland 1989}) 9. c5 a4 {White is slightly better.} 10. Qb5+ Bd7 11. Qe2 Nd5 12. Nc3 c6 ({Black should try} 12... Bc6 $14) 13. Ne5 (13. Ne4 $1 $16 {[%csl Gc5][%cal Re4d6]} e6 14. Ne5) 13... Be6 $14 14. Ne4 {And now Nxf7! would win.} h6 $1 15. f4 {[%cal Bf2f4,Bf4f5][%mdl 32] Strongly threatening f5!} Qc7 (15... g6 $1 $11 {remains equal.}) 16. g4 $1 $36 {[%cal Bg2g4,Bg4f5][%mdl 2080] White is in control.} g6 17. Bh3 Qa5+ ({Better is} 17... a3) 18. Bd2 Qb5 {[#]} (18... Qa6 $16 19. f5 gxf5 20. gxf5 Qxe2+ 21. Kxe2 Bc8) 19. Nd3 $1 $18 {Hoping for f5.} Kd8 {[#]} 20. f5 $1 {[%cal Rf5e6]} gxf5 21. gxf5 Bd7 22. Rg1 Qc4 23. Ne5 Qxe2+ 24. Kxe2 Be8 25. Rg3 Nd7 26. Rag1 N7f6 27. Nxf6 Nxf6 28. Nc4 Ra6 29. Nb6 h5 30. Ke1 Bd7 31. Bf1 Ra7 32. Bd3 h4 33. R3g2 a3 (33... h3 $142 34. Rg3 Bh6 35. Bxh6 Rxh6) 34. b3 h3 35. Rg3 Be8 $2 (35... Bh6 {was called for.} 36. Bxh6 Rxh6) 36. Bf4 Rh4 37. Bb8 Ra6 38. Bxa6 bxa6 39. Be5 Nh7 40. Rg4 Rh5 41. Rf1 f6 42. Bg3 Bf7 $2 {[#]} (42... Ng5 43. Ke2 Rh6) 43. d5 $1 {White is clearly winning.} Bxd5 (43... cxd5 44. c6) 44. Nxd5 cxd5 45. c6 {Precision: White = 68%, Black = 51%.} 1-0